000 00559nam a22001577a 4500
999 _c60730
_d60730
005 20231016112403.0
008 231016s1985 ru ||||| |||| 00| 0 rus d
041 _arus
080 _a72(082.1) K-82
100 _aКривченко, В.И.
_920084
245 _aПомпеи. Геркуланум. Стабии /
_cВ.И. Кривченко.
264 _aМосква :
_bИскусство,
_c1985.
300 _a224 стр.:
_bилл.;
_c17 cm.
653 _aპომპეი. ჰერკულანეუმი. სტაბიაე
942 _2udc
_cBK